| 000 | 01801cam a2200385 a 4500 | ||
|---|---|---|---|
| 999 |
_c448 _d448 |
||
| 001 | 14687089 | ||
| 003 | GZU | ||
| 005 | 20200828115355.0 | ||
| 008 | 070105s2007 enk b 001 0 eng | ||
| 010 | _a 2007000114 | ||
| 015 |
_aGBA728417 _2bnb |
||
| 016 | 7 |
_a013715512 _2Uk |
|
| 016 | _a20090056248 | ||
| 020 | _a9780415421027 (: hbk) | ||
| 020 | _a0415421020 | ||
| 020 | _a9780415421034 (: pbk) | ||
| 020 | _a0415421039 | ||
| 035 | _a(OCoLC)ocm78786795 | ||
| 040 |
_aDLC _cDLC _dBTCTA _dBAKER _dBWKUK _dYDXCP _dUKM _dLMR _dSUU _dOCLNG _dNLC _dDLC |
||
| 041 | 0 | _aeng | |
| 050 | 0 | 0 |
_aBJ1031 _b.BAR 2007 |
| 100 | 1 |
_aBarrow, Robin. _eauthor |
|
| 245 | 1 | 3 |
_aAn introduction to moral philosophy and moral education / _cRobin Barrow. |
| 260 |
_aLondon ; _aNew York : _bRoutledge, _c2007. |
||
| 300 |
_aviii, 206 p. ; _c23 cm. |
||
| 500 | _aIncludes bibliographical references (p. [194]-202) and index. | ||
| 504 | _aIncludes bibliographical references (p. [194]-202) and index. | ||
| 505 | 0 | _aIntegrity : a shared moral value -- Religion, nature, and intuition as possible sources of moral truth -- Some distinctions and some mistakes -- Rights and procedures -- Principles that define morality -- Reasons for being moral -- Relativism -- Second-order principles -- Moral vs. social, ecological, and sexual values -- Moral vs. health and safety values -- Moral questions in education -- The question of moral education -- Forms of moral education. | |
| 650 | 0 | _aEthics. | |
| 650 | 0 | _aMoral education. | |
| 856 | 4 | 1 |
_3Table of contents only _uhttp://www.loc.gov/catdir/toc/ecip078/2007000114.html |
| 906 |
_a7 _bcbc _corignew _d1 _eecip _f20 _gy-gencatlg |
||
| 942 |
_2lcc _cBK _h1031 _iBAR _kBJ |
||